000 01397cam a2200325 4500
001 5563
005 20181127175755.0
008 140425r20132012nyuab b 000 0 eng d
010 _a 2012949751
020 _a9780230762930
042 _alccopycat
043 _an-cn-ab
100 1 _aShaben, Carol.
245 1 0 _aInto the abyss /
_b
_cCarol Shaben.
250 _a1st Grand Central Publishing edition
264 1 _aNew York :
_bMacmillan,
_c2012.
300 _a311 pages :
_billustrations, maps ;
_c24 cm
336 _atext
_btxt
_2rdacontent
337 _aunmediated
_bn
_2rdamedia
338 _avolume
_bnc
_2rdacarrier
500 _aOriginally published: Toronto : Random House Canada, c2012.
504 _aIncludes bibliographical references (pages 306-307).
505 0 _aDeparture -- Impact -- Flight -- Wapiti -- Threshold -- Buried -- Fire - Missing -- Confession -- Search -- Abort -- Criminal -- Ice -- Rescue -- Hero -- Inquest -- Afterlife -- Fate -- Atonement -- Return.
520 _aAn account of a deadly commuter plane crash that took place in northern Canada in 1984 involving a pilot, a politician, a cop and the criminal he was escorting.
650 0 _aAircraft accidents
_zAlberta, Northern.
650 0 _aAirplane crash survival.
650 0 _aCommuter aircraft
_xAccidents
_zAlberta, Northern.
651 0 _aAlberta.
651 0 _aCanadian Rockies (B.C. and Alta.)
999 _c4684
_d4684